02266 2200625 4500001002100000005001500021035002000036008004100056020000700097041000800104082001100112084001500123100010500138245013600243260003100379300002900410520023200439650003200671700003200703990002500735990002600760990002600786990002600812990002600838990002600864990002600890990002600916990002500942990002600967990002600993990002601019990002601045990002601071990002601097990002501123990002601148990002601174990002601200990002601226990002601252990002601278990002501304990002601329990002601355990002601381990002601407990002601433990002601459990002501485990002601510990002601536990002601562990002601588990002601614INLIS00000000000281720221109014920 a0010-0520002817221109 | | ind  a65 aind a351.72 a351.72 UND0 aUndang-Undang RI Nomor 17 Thn 2007 Tentang Rencana Pembangunan Jangka Panjang Nasional Thn 2005-20251 aUndang-Undang RI Nomor 17 Thn 2007 Tentang Rencana Pembangunan Jangka Panjang Nasional Thn 2005-2025 /cPresiden Republik Indonesia aJakarta :bBappenas,c2005 a84 hlm. ; 21 cm ;c21 cm aRencana Pembangunan Jangka Panjang Nasional Tahun 2005-2025 yang berisi visi, misi, dan arah pembangunan nasional merupakan pedoman bagi pemerintah dan masyarakat di dalam penyelenggaraan pembangunan nasional 20 tahun ke depan. 4a1. Undang-Undang - Bappenas0 aPresiden Republik Indonesia a00065/MKRI-P/IV-2007 a06158/MKRI-P/III-2007 a06163/MKRI-P/III-2007 a06162/MKRI-P/III-2007 a06159/MKRI-P/III-2007 a06160/MKRI-P/III-2007 a06161/MKRI-P/III-2007 a06159/MKRI-P/III-2007 a00065/MKRI-P/IV-2007 a06158/MKRI-P/III-2007 a06163/MKRI-P/III-2007 a06162/MKRI-P/III-2007 a06160/MKRI-P/III-2007 a06161/MKRI-P/III-2007 a06160/MKRI-P/III-2007 a00065/MKRI-P/IV-2007 a06158/MKRI-P/III-2007 a06163/MKRI-P/III-2007 a06162/MKRI-P/III-2007 a06159/MKRI-P/III-2007 a06161/MKRI-P/III-2007 a06161/MKRI-P/III-2007 a00065/MKRI-P/IV-2007 a06158/MKRI-P/III-2007 a06163/MKRI-P/III-2007 a06162/MKRI-P/III-2007 a06159/MKRI-P/III-2007 a06160/MKRI-P/III-2007 a06163/MKRI-P/III-2007 a00065/MKRI-P/IV-2007 a06158/MKRI-P/III-2007 a06162/MKRI-P/III-2007 a06159/MKRI-P/III-2007 a06160/MKRI-P/III-2007 a06161/MKRI-P/III-2007